|
|
|
|
| LEADER |
00000nam a2200000 a 4500 |
| 001 |
vtls010692430 |
| 003 |
SK-MaSNL |
| 005 |
20260301175345.0 |
| 008 |
160430s2015 xo oa f 000 0 slo |
| 015 |
|
|
|a SNBA2015/07
|
| 020 |
|
|
|a 9788071391593 (brož.)
|
| 035 |
|
|
|a 7348D1E9-0368-4E7A-B90F-E214E98395E5
|
| 035 |
|
|
|a urn:nbn:sk:snk-amjzwr
|
| 035 |
|
|
|a urn:nbn:sk:snk-am007yy4
|
| 040 |
|
|
|a SNK
|b slo
|c SNK
|e AACR2
|
| 041 |
0 |
|
|a slo
|a eng
|
| 044 |
|
|
|a xo
|c SK
|
| 072 |
|
7 |
|a 631
|x Poľnohospodárstvo. Pedológia. Agrotechnika. Agroekológia
|2 konspekt
|
| 080 |
|
|
|a 633/635
|2 2001
|
| 080 |
|
|
|a 631.53.01
|2 2001
|
| 080 |
|
|
|a 631.53
|2 2001
|
| 080 |
|
|
|a (048.8)
|2 2001
|
| 110 |
2 |
|
|a Ústredný kontrolný a skúšobný ústav poľnohospodársky (Bratislava, Slovensko).
|b Odbor osív a sadív
|4 aut
|9 49543
|
| 245 |
1 |
0 |
|a Výsledky uznávania množiteľského materiálu pestovaných rastlín v roku 2014
|c [autori : Ústredný kontrolný a skúšobný ústav poľnohospodársky v Bratislave]
|
| 250 |
|
|
|a 1. vyd.
|
| 260 |
|
|
|a Nitra
|b Agroinštitút
|c 2015
|
| 300 |
|
|
|a 91 s.
|b fotogr., tab.
|c 21 cm
|
| 366 |
|
|
|e 200 výt. ; Nepredajné
|
| 546 |
|
|
|a Súbež. text angl.
|
| 648 |
|
7 |
|a 2014
|2 SNKPH
|9 334827
|
| 650 |
0 |
7 |
|a pestované rastliny
|2 SNKPH
|9 81770
|
| 650 |
0 |
7 |
|a Cultivated plants
|2 SNKPHeng
|9 340459
|
| 650 |
0 |
7 |
|a osivo
|2 SNKPH
|9 18230
|
| 650 |
0 |
7 |
|a Seed stock
|2 SNKPHeng
|9 340460
|
| 650 |
0 |
7 |
|a sadivo
|2 SNKPH
|9 16502
|
| 650 |
0 |
7 |
|a rozmnožovanie rastlín
|2 SNKPH
|9 30954
|
| 650 |
0 |
7 |
|a Plant reproduction
|2 SNKPHeng
|9 340461
|
| 655 |
|
7 |
|a prehľady
|2 SNKPH
|9 70194
|
| 655 |
|
7 |
|a Surveys
|2 SNKPHeng
|9 266058
|
| 919 |
|
|
|a 978-80-7139-159-3
|
| 958 |
|
|
|a OND
|
| 999 |
|
|
|c 842621
|d 844551
|
| 952 |
|
|
|a SNK
|b SNK
|y PREZ
|7 0
|p 17A1168019
|o snkSC 165470
|i snk2015/21600
|8 0
|0 0
|1 0
|4 0
|d 2015-07-14
|f 1
|l 0
|r 2026-02-24 04:16:24
|w 2026-02-24
|
| 952 |
|
|
|a SNK
|b SNK
|y VYP
|7 0
|p 17A1168024
|o snkSC 165470 D1
|i snk2015/21602
|8 0
|0 0
|1 0
|4 0
|d 2015-07-14
|l 0
|r 2026-02-24 04:16:24
|w 2026-02-24
|